Drug plants / (Record no. 32390)
[ view plain ]
| 000 -LEADER | |
|---|---|
| fixed length control field | 01099cam a2200337 a 4500 |
| 001 - CONTROL NUMBER | |
| control field | 17341626 |
| 003 - CONTROL NUMBER IDENTIFIER | |
| control field | OSt |
| 005 - DATE AND TIME OF LATEST TRANSACTION | |
| control field | 20220309111405.0 |
| 008 - FIXED-LENGTH DATA ELEMENTS--GENERAL INFORMATION | |
| fixed length control field | 120611s2010 txua b 001 0 eng |
| 010 ## - LIBRARY OF CONGRESS CONTROL NUMBER | |
| LC control number | 2011655147 |
| Canceled/invalid LC control number | 2011293975 |
| 020 ## - INTERNATIONAL STANDARD BOOK NUMBER | |
| International Standard Book Number | 1933699191 (v. 3) |
| 020 ## - INTERNATIONAL STANDARD BOOK NUMBER | |
| International Standard Book Number | 1933699205 (v. 4) |
| 020 ## - INTERNATIONAL STANDARD BOOK NUMBER | |
| International Standard Book Number | 0965603857 (series) |
| 040 ## - CATALOGING SOURCE | |
| Original cataloging agency | DLC |
| Transcribing agency | HU |
| 042 ## - AUTHENTICATION CODE | |
| Authentication code | pcc |
| 050 00 - LIBRARY OF CONGRESS CALL NUMBER | |
| Classification number | RS164 |
| Item number | .D75 2010 |
| 082 ## - DEWEY DECIMAL CLASSIFICATION NUMBER | |
| Classification number | 615.321 REC 2009 |
| 245 00 - TITLE STATEMENT | |
| Title | Drug plants / |
| Statement of responsibility, etc. | J.N. Govil, V.K. Singh [editors] |
| 260 ## - PUBLICATION, DISTRIBUTION, ETC. | |
| Place of publication, distribution, etc. | Houstan, Tex. ; |
| Name of publisher, distributor, etc. | Studium Press LLC, |
| Date of publication, distribution, etc. | 2010- |
| 300 ## - PHYSICAL DESCRIPTION | |
| Extent | v. <3-4> |
| Other physical details | ill. (some col.) ; |
| Dimensions | 25 cm. |
| 490 0# - SERIES STATEMENT | |
| Series statement | Recent progress in medicinal plants ; |
| Volume/sequential designation | v. 29-30 |
| 500 ## - GENERAL NOTE | |
| General note | Editors names on v. 4: V.K. Singh, J.N. Govil. |
| 504 ## - BIBLIOGRAPHY, ETC. NOTE | |
| Bibliography, etc. note | Includes bibliographical references and indexes. |
| 650 #0 - SUBJECT ADDED ENTRY--TOPICAL TERM | |
| Topical term or geographic name entry element | Medicinal plants. |
| 9 (RLIN) | 2890 |
| 650 #0 - SUBJECT ADDED ENTRY--TOPICAL TERM | |
| Topical term or geographic name entry element | Materia medica, Vegetable. |
| 9 (RLIN) | 15310 |
| 700 0# - ADDED ENTRY--PERSONAL NAME | |
| Personal name | Govil, J. N. |
| 9 (RLIN) | 3190 |
| 700 0# - ADDED ENTRY--PERSONAL NAME | |
| Personal name | Singh, V. K. |
| 9 (RLIN) | 3185 |
| 906 ## - LOCAL DATA ELEMENT F, LDF (RLIN) | |
| a | 7 |
| b | cbc |
| c | orignew |
| d | 2 |
| e | ncip |
| f | 20 |
| g | y-gencatlg |
| 942 ## - ADDED ENTRY ELEMENTS (KOHA) | |
| Source of classification or shelving scheme | Dewey Decimal Classification |
| Koha item type | Books like text book referance book |
| Suppress in OPAC | No |
| Withdrawn status | Lost status | Source of classification or shelving scheme | Damaged status | Not for loan | Collection code | Home library | Current library | Shelving location | Date acquired | Total Checkouts | Full call number | Barcode | Date last seen | Copy number | Price effective from | Koha item type |
|---|---|---|---|---|---|---|---|---|---|---|---|---|---|---|---|---|
| Dewey Decimal Classification | Non-fiction | Wondo Genet Library | Wondo Genet Library | General Stacks | 03/09/2022 | 615.321 REC 2009 | WGCFNRL00012616 | 03/09/2022 | 1 | 03/09/2022 | Books like text book referance book |